[Event "2.ligaD04/05-7"]
[Site "?"]
[Date "????.??.??"]
[Round "?"]
[White "Masak, Pavel"]
[Black "Novy, Martin"]
[Result "1/2-1/2"]
[WhiteElo "2096"]
[BlackElo "2117"]
[PlyCount "110"]
[EventDate "2005.02.06"]

1. c4 Nc6 2. Nc3 d6 3. g3 g6 4. Bg2 Bg7 5. Nf3 e5 6. d3 Nge7 7. O-O O-O 8. Rb1
a5 9. a3 Nd4 10. b4 axb4 11. axb4 Bd7 12. b5 Qc8 13. e3 Nxf3+ 14. Bxf3 f5 15.
Nd5 Nxd5 16. Bxd5+ Kh8 17. Bb2 c6 18. bxc6 bxc6 19. Bg2 Be6 20. f4 Qc7 21. Qf3
Ra6 22. c5 dxc5 23. fxe5 Bd5 24. Qe2 Bxg2 25. Kxg2 Ra2 26. Rbc1 Qxe5 27. Bxe5
Rxe2+ 28. Kf3 Rxh2 29. Bxg7+ Kxg7 30. Rxc5 Rd8 31. d4 Rd6 32. Rfc1 Kf6 33. Rxc6
Ke6 34. Rc7 Rd7 35. Rc8 Ra2 36. R1c6+ Rd6 37. R6c7 Rd7 38. g4 fxg4+ 39. Kxg4
Ra7 40. Re8+ Kd6 41. Rxd7+ Rxd7 42. e4 Rf7 43. d5 Rf1 44. Re6+ Kd7 45. Kg5 Rg1+
46. Kh6 Rh1+ 47. Kg7 g5 48. e5 g4 49. Ra6 g3 50. e6+ Ke7 51. Ra7+ Kd6 52. Rd7+
Kc5 53. Kf6 Rf1+ 54. Ke5 g2 55. Rc7+ Kb6 1/2-1/2

[Event "2.ligaD04/05-7"]
[Site "?"]
[Date "????.??.??"]
[Round "?"]
[White "Binder, Jaroslav"]
[Black "Handl, Martin"]
[Result "0-1"]
[WhiteElo "1987"]
[BlackElo "2055"]
[PlyCount "77"]
[EventDate "2005.02.06"]

1. e4 c5 2. Ne2 d6 3. g3 Nc6 4. Bg2 g6 5. Nbc3 Bg7 6. d3 e6 7. O-O Nge7 8. Be3
O-O 9. Qd2 Nd4 10. Nd1 Nec6 11. c3 Nxe2+ 12. Qxe2 Rb8 13. f4 b5 14. e5 Bb7 15.
d4 cxd4 16. cxd4 a6 17. Nc3 d5 18. g4 f5 19. gxf5 gxf5 20. Rf3 Kh8 21. Rh3 Qe8
22. Bf3 Ne7 23. Kh1 b4 24. Bh5 Qc6 25. Rg1 bxc3 26. Qg2 Rg8 27. Bg6 Bh6 28.
Rxh6 Nxg6 29. Qg5 Rg7 30. bxc3 Qd7 31. Qf6 Kg8 32. Qg5 Nf8 33. Qh4 Rxg1+ 34.
Bxg1 Qf7 35. Rh5 Bc6 36. Rg5+ Kh8 37. Qg3 Nd7 38. Qh3 Rg8 39. Rh5 0-1

[Event "2.ligaD04/05-7"]
[Site "?"]
[Date "????.??.??"]
[Round "?"]
[White "Vaculikova, Renata"]
[Black "Sedlacek, Petr"]
[Result "1/2-1/2"]
[WhiteElo "1896"]
[BlackElo "1987"]
[PlyCount "21"]
[EventDate "2005.02.06"]

1. e4 e5 2. Nf3 Nc6 3. Bc4 d6 4. c3 Be7 5. O-O Nf6 6. Re1 O-O 7. d4 Bg4 8. d5
Nb8 9. Bd3 Nbd7 10. Nbd2 h6 11. Nf1 1/2-1/2

[Event "2.ligaD04/05-7"]
[Site "?"]
[Date "????.??.??"]
[Round "?"]
[White "Sladek, Vladislav"]
[Black "Rak, Peter"]
[Result "1-0"]
[WhiteElo "1926"]
[BlackElo "1940"]
[PlyCount "73"]
[EventDate "2005.02.06"]

1. d4 d5 2. c4 e5 3. dxe5 d4 4. Nf3 Nc6 5. g3 Bg4 6. Bg2 Qd7 7. O-O O-O-O 8.
Qa4 Kb8 9. Bf4 Bxf3 10. e6 fxe6 11. Bxf3 Nge7 12. Nd2 h6 13. Ne4 e5 14. Nc5 Qd6
15. Qb5 b6 16. Na6+ Kc8 17. Bg4+ Kb7 18. c5 Qg6 19. cxb6 cxb6 20. Nc5+ Ka8 21.
Ne6 Qxg4 22. Nxd8 Nxd8 23. Qxe5 Nec6 24. Qc7 Bc5 25. Rac1 g5 26. Bd6 Bxd6 27.
Qxd6 Kb7 28. b4 Qe6 29. Rxc6 Qxd6 30. Rxd6 Nc6 31. b5 Nb4 32. Rd7+ Kb8 33. a3
Nc2 34. a4 Re8 35. e3 dxe3 36. fxe3 Nxe3 37. Rff7 1-0

[Event "2.ligaD04/05-7"]
[Site "?"]
[Date "????.??.??"]
[Round "?"]
[White "Vechet, Stanislav"]
[Black "Vyskocil, Neklan"]
[Result "1/2-1/2"]
[WhiteElo "2248"]
[BlackElo "2308"]
[PlyCount "52"]
[EventDate "2005.02.06"]

{409MB, EXEO} 1. d4 d5 2. Nf3 Nf6 3. c4 dxc4 4. e3 e6 5. Bxc4 c5 6. O-O a6 7.
Qe2 Nc6 8. Rd1 b5 9. dxc5 Qc7 10. Bb3 Bxc5 11. Nc3 O-O 12. h3 Bb7 13. a3 Rfd8
14. Rxd8+ Rxd8 15. Bd2 Ne5 16. Nxe5 Qxe5 17. Rd1 Bd6 18. f4 Qc5 19. Be1 Rc8 20.
Bg3 Ne4 21. Nxe4 Bxe4 22. Rd4 Bg6 23. Be1 Qc7 24. Bb4 Bxb4 25. axb4 e5 26. Rd5
Re8 1/2-1/2

[Event "2.ligaD04/05-7"]
[Site "?"]
[Date "????.??.??"]
[Round "?"]
[White "Lacko, Jan"]
[Black "Symersky, Petr"]
[Result "1/2-1/2"]
[WhiteElo "2211"]
[BlackElo "2091"]
[PlyCount "63"]
[EventDate "2005.02.06"]

{409MB, EXEO} 1. c4 e6 2. Nc3 d5 3. cxd5 exd5 4. d4 Nf6 5. Bg5 Be7 6. e3 O-O 7.
Qc2 c6 8. Bd3 Nbd7 9. Nf3 Re8 10. O-O h6 11. Bh4 Ne4 12. Bxe7 Qxe7 13. b4 a6
14. a4 Ng5 15. Nxg5 hxg5 16. b5 axb5 17. axb5 Rxa1 18. Rxa1 Nf6 19. bxc6 bxc6
20. Na4 Qd6 21. Qc5 Qxc5 22. Nxc5 Nd7 23. Nb3 Nf8 24. Rc1 Bd7 25. Nc5 Bc8 26.
Kf1 g6 27. Nb3 Bd7 28. Ba6 Rb8 29. Nc5 Rb6 30. Bd3 Be8 31. Ra1 Nd7 32. Ra8
1/2-1/2

[Event "2.ligaD04/05-7"]
[Site "?"]
[Date "????.??.??"]
[Round "?"]
[White "Lastovicka, Jiri"]
[Black "Macharacek, Simon"]
[Result "0-1"]
[WhiteElo "2110"]
[BlackElo "2188"]
[PlyCount "116"]
[EventDate "2005.02.06"]

{409MB, EXEO} 1. Nf3 d6 2. g3 Bg4 3. Bg2 c6 4. O-O Nf6 5. d3 Nbd7 6. h3 Bh5 7.
b3 e5 8. Bb2 Be7 9. Nh4 O-O 10. Nf5 Ne8 11. Nd2 Bg6 12. e4 Bxf5 13. exf5 d5 14.
Qe2 Nd6 15. g4 Re8 16. c4 d4 17. Ne4 Nxe4 18. Bxe4 Bg5 19. Bc1 Bxc1 20. Raxc1
g5 21. Kg2 Kg7 22. Rh1 h6 23. Kg3 Rh8 24. Bf3 Qe7 25. b4 Qxb4 26. Rb1 Qd6 27.
Kg2 Nc5 28. h4 Rae8 29. Be4 Qf6 30. hxg5 hxg5 31. Qf3 Rxh1 32. Rxh1 Rh8 33.
Rxh8 Kxh8 34. Qe2 Kg7 35. Bf3 Kf8 36. Qd2 Qd8 37. Kg3 f6 38. Be4 Ke7 39. f3 a5
40. Qh2 Kd7 41. Qb2 Kc8 42. Kg2 Nd7 43. Kf2 Qb6 44. Qc2 Qb4 45. Ke2 Nc5 46. Kf2
a4 47. Kg3 a3 48. Qd1 Qb2 49. Qh1 Kc7 50. Qh8 Nd7 51. Qa8 Qxa2 52. Qa5+ Kc8 53.
Qa8+ Nb8 54. Qa5 Qb2 55. Qc5 a2 56. Qf8+ Kc7 57. c5 Nd7 58. Qd6+ Kd8 0-1

[Event "2.ligaD04/05-7"]
[Site "?"]
[Date "????.??.??"]
[Round "?"]
[White "Cerveny, Martin"]
[Black "Sochna, Dusan"]
[Result "1-0"]
[WhiteElo "2135"]
[BlackElo "2163"]
[PlyCount "89"]
[EventDate "2005.02.06"]

{409MB, EXEO} 1. d4 Nf6 2. c4 g6 3. Nc3 Bg7 4. e4 d6 5. f3 O-O 6. Be3 Nc6 7.
Nge2 a6 8. d5 Ne5 9. Ng3 c5 10. Be2 h5 11. O-O e6 12. Bg5 Qb6 13. Rb1 Nh7 14.
Be3 Qc7 15. h3 h4 16. Nh1 g5 17. Qd2 Qe7 18. Rfd1 Rd8 19. b4 b6 20. bxc5 bxc5
21. Rb6 Ng6 22. dxe6 fxe6 23. Na4 Nf4 24. Bf1 Be5 25. Nxc5 Rf8 26. Nd3 Nxd3 27.
Bxd3 Qc7 28. Rdb1 Nf6 29. Nf2 Nd7 30. R6b4 Rf4 31. Ng4 Bg7 32. e5 Nxe5 33. Nxe5
Bxe5 34. Be4 Ra7 35. Qf2 a5 36. Rb8 Ra6 37. R1b7 Qxc4 38. Bxf4 Bxf4 39. Qb2 Be5
40. Qb1 d5 41. Bxd5 Qc5+ 42. Kh1 Bg7 43. Rxc8+ Qxc8 44. Rb8 Qf8 45. Rxf8+ 1-0

[Event "2.ligaD04/05-7"]
[Site "?"]
[Date "????.??.??"]
[Round "?"]
[White "Kalendovsky, Jan"]
[Black "Mudra, Tomas"]
[Result "1/2-1/2"]
[WhiteElo "2123"]
[BlackElo "2094"]
[PlyCount "60"]
[EventDate "2005.02.06"]

{409MB, EXEO} 1. e4 c5 2. Nc3 Nc6 3. g3 g6 4. Bg2 Bg7 5. d3 d6 6. Be3 e6 7. Qd2
Nd4 8. Nd1 e5 9. c3 Ne6 10. Ne2 Ne7 11. d4 O-O 12. O-O f5 13. f3 a5 14. Nf2 b5
15. Rad1 cxd4 16. cxd4 Ra6 17. dxe5 dxe5 18. Qxd8 Rxd8 19. Rxd8+ Nxd8 20. Rd1
Ne6 21. Nc3 b4 22. Nd5 Kf7 23. Rc1 Rc6 24. Rxc6 Nxc6 25. Bf1 Ncd4 26. Kg2 Bd7
27. Bd3 Bc6 28. Bc4 Ke8 29. Nd3 Kd8 30. Kf2 Ke8 1/2-1/2

[Event "2.ligaD04/05-7"]
[Site "?"]
[Date "????.??.??"]
[Round "?"]
[White "Vrtal, Jaroslav"]
[Black "Tomes, Zdenek"]
[Result "1-0"]
[WhiteElo "2143"]
[BlackElo "2087"]
[PlyCount "112"]
[EventDate "2005.02.06"]

{409MB, EXEO} 1. e4 c5 2. Nf3 d6 3. d4 cxd4 4. Nxd4 Nf6 5. Nc3 a6 6. Bg5 e6 7.
f4 Be7 8. Bd3 Nbd7 9. Qe2 Qc7 10. O-O-O O-O 11. Rhe1 Nc5 12. e5 dxe5 13. fxe5
Nd5 14. Bxe7 Nxe7 15. Qh5 Nxd3+ 16. Rxd3 Ng6 17. Rh3 h6 18. Rf3 b5 19. Rfe3 Qc4
20. Nb3 a5 21. Ne4 a4 22. Nd6 Qd5 23. Nd2 Bd7 24. Nxf7 Rxf7 25. Qxg6 Qxa2 26.
Qe4 Re8 27. Rd3 Bc8 28. Qc6 Rfe7 29. Qxb5 Bb7 30. c4 Bc6 31. Qb4 Rb7 32. Qa3
Qxa3 33. Rxa3 Reb8 34. Ra2 Bxg2 35. Rxa4 Rxb2 36. Ra7 Bh3 37. Re3 Bf5 38. Rc3
R2b7 39. Rxb7 Rxb7 40. c5 Rc7 41. Kb2 Bg6 42. Kb3 Be8 43. Kc4 g5 44. Ne4 Kg7
45. Ra3 Bc6 46. Nd6 h5 47. Nb5 Rb7 48. Nc3 g4 49. Ra6 Rc7 50. Nb5 Bd5+ 51. Kd4
Rc8 52. Nc3 Bc6 53. Ra7+ Kg6 54. Kc4 h4 55. Ne2 Rf8 56. Kd3 Bb5+ 1-0

[Event "2.ligaD04/05-7"]
[Site "?"]
[Date "????.??.??"]
[Round "?"]
[White "Klenner, Richard"]
[Black "Tomes, Pavel"]
[Result "1/2-1/2"]
[WhiteElo "1967"]
[BlackElo "2064"]
[PlyCount "83"]
[EventDate "2005.02.06"]

{409MB, EXEO} 1. e4 c5 2. Nf3 d6 3. d4 cxd4 4. Nxd4 Nf6 5. Nc3 g6 6. Be3 Bg7 7.
Be2 O-O 8. Qd2 Nc6 9. f3 Bd7 10. O-O a6 11. Rfd1 Rc8 12. Rac1 Qa5 13. Nxc6 bxc6
14. Nd5 Qxd2 15. Nxe7+ Kh8 16. Rxd2 Rce8 17. Bf4 Rxe7 18. Bxd6 Rfe8 19. Bxe7
Rxe7 20. Rcd1 a5 21. Rd6 h5 22. Bc4 Be8 23. c3 Kh7 24. Bb3 Rb7 25. Rd8 Re7 26.
R1d6 h4 27. Ra8 Re5 28. Ra7 Bf8 29. Rxf7+ Bxf7 30. Rxf6 Bxb3 31. axb3 Bg7 32.
Rxc6 Rb5 33. Ra6 Rxb3 34. Rxa5 Rxb2 35. Rc5 Rc2 36. e5 Kg8 37. Kf1 Kf8 38. Rc8+
Kf7 39. Rc7+ Kf8 40. Rc8+ Kf7 41. Rc7+ Kf8 42. Rc8+ 1/2-1/2

[Event "2.ligaD04/05-7"]
[Site "?"]
[Date "????.??.??"]
[Round "?"]
[White "Fuchs, Ludek"]
[Black "Vratislavsky, Ivo"]
[Result "1-0"]
[WhiteElo "1968"]
[BlackElo "1825"]
[PlyCount "69"]
[EventDate "2005.02.06"]

{409MB, EXEO} 1. d4 f5 2. g3 Nf6 3. Bg2 e6 4. Nf3 Be7 5. O-O d5 6. b3 O-O 7. c4
c6 8. c5 b6 9. b4 a5 10. bxa5 bxc5 11. dxc5 Bxc5 12. Nbd2 Qxa5 13. Nb3 Qb6 14.
Nxc5 Qxc5 15. a4 Qb6 16. Be3 Qd8 17. Qc2 Ba6 18. Nd4 Re8 19. Rfb1 Bc4 20. Rb7
Qc8 21. Rb6 Nfd7 22. Rb2 Na6 23. Rab1 Nac5 24. Rb4 Qa6 25. Nxc6 Bxe2 26. Bxc5
Bd3 27. Qc3 Bxb1 28. Ne7+ Kf7 29. Rxb1 Nxc5 30. Nxf5 exf5 31. Qxc5 Rad8 32.
Bxd5+ Rxd5 33. Qxd5+ Kg6 34. a5 Re6 35. Qxe6+ 1-0

[Event "2.ligaD04/05-8"]
[Site "?"]
[Date "2005.02.20"]
[Round "8"]
[White "Hladik, Josef"]
[Black "Krcmar, Zdenek"]
[Result "1/2-1/2"]
[WhiteElo "2216"]
[BlackElo "2289"]
[PlyCount "64"]
[EventDate "2005.??.??"]

1. d4 Nf6 2. g3 d5 3. Bg2 e6 4. c4 Be7 5. Nf3 O-O 6. O-O b6 7. Nc3 Bb7 8. cxd5
exd5 9. Ne5 Na6 10. b3 Re8 11. Bb2 c5 12. dxc5 Nxc5 13. Nb5 Nce4 14. Rc1 Bc5
15. Nd3 a6 16. Nxc5 bxc5 17. Nc3 Qe7 18. e3 Rad8 19. Ba3 Nxc3 20. Rxc3 d4 21.
exd4 Bxg2 22. Kxg2 Qe4+ 23. Qf3 cxd4 24. Rd3 Ng4 25. Qxe4 Rxe4 26. Rfd1 f5 27.
R3d2 Ne5 28. Bb2 Nc6 29. Kf1 f4 30. f3 Re3 31. Kf2 fxg3+ 32. hxg3 Ne5 {
(1.16-1.56)} 1/2-1/2

[Event "2.ligaD04/05-8"]
[Site "?"]
[Date "2005.02.20"]
[Round "8"]
[White "Belohlavek, Petr"]
[Black "Uhmann, Jan"]
[Result "0-1"]
[WhiteElo "2204"]
[BlackElo "2233"]
[PlyCount "120"]
[EventDate "2005.??.??"]

1. e4 e5 2. Bc4 Nf6 3. d3 Nc6 4. Nf3 Be7 5. Nbd2 O-O 6. O-O d6 7. c3 Na5 8. Bb5
c5 9. Ba4 a6 10. Bc2 Nc6 11. Re1 b5 12. Nf1 Qc7 13. Ng3 Rd8 14. Qe2 Rb8 15. h3
b4 16. Bb3 Na5 17. Ba4 Ne8 18. d4 g6 19. Nf1 Ng7 20. Ne3 Be6 21. d5 Bc8 22. c4
f5 23. exf5 gxf5 24. Nd2 Bf6 25. Bc2 Qf7 26. Rb1 Kh8 27. b3 Rg8 28. Kh1 h5 29.
Bb2 f4 30. Nef1 Nf5 31. Nh2 Nh4 32. Rg1 Bf5 33. Ne4 Be7 34. Nf3 Nxf3 35. Qxf3
Bg4 36. Qd3 Nb7 37. Nd2 Rg5 38. Nf3 Bxf3 39. Qxf3 Rf8 40. a3 a5 41. axb4 cxb4
42. Ra1 Bd8 43. Rge1 {(R)} 43... Bb6 44. Re2 Rfg8 45. Rg1 R8g7 46. Kh2 Kg8 47.
Kh1 Nc5 48. Kh2 a4 49. bxa4 b3 50. Be4 Qa7 51. Ba3 Nxe4 52. Qxe4 Bxf2 53. Rf1
Rxg2+ 54. Qxg2 Rxg2+ 55. Kxg2 Bd4 56. Bxd6 Qg7+ 57. Kh1 f3 58. Rh2 Qg3 59. c5
Kh7 60. c6 f2 {(2.31-2.06)} 0-1

[Event "2.ligaD04/05-8"]
[Site "?"]
[Date "2005.02.20"]
[Round "8"]
[White "Svehla, Karel"]
[Black "Kulovana, Eva"]
[Result "1/2-1/2"]
[WhiteElo "2151"]
[BlackElo "2183"]
[PlyCount "140"]
[EventDate "2005.??.??"]

1. e4 c6 2. d4 d5 3. exd5 cxd5 4. c3 Nc6 5. Bf4 Bf5 6. Nf3 {(R)} 6... e6 7. Bb5
Qb6 8. Qb3 a6 9. Bxc6+ Qxc6 10. Ne5 Qb5 11. Nd2 Ne7 12. g4 Bg6 13. Bg3 Nc6 14.
a4 Qxb3 15. Nxb3 Nxe5 16. Bxe5 Rc8 17. Kd2 f6 18. Bg3 b6 19. Rhe1 Kd7 20. Re3
a5 21. Nc1 h5 22. f3 hxg4 23. fxg4 Bd6 24. Bxd6 Kxd6 25. h3 e5 26. Ne2 Rh4 27.
Rg1 Rch8 28. Rgg3 Be8 29. b3 Bd7 30. Rgf3 Be6 31. Rg3 R8h7 32. Rgf3 e4 33. Rg3
g5 34. Ng1 Rb7 35. Re1 b5 36. axb5 Rxb5 37. Kc2 Bd7 38. Ra1 Rh8 39. c4 Rb4 40.
c5+ Ke6 41. Rxa5 Rxd4 42. Ra6+ Ke5 43. c6 Rc8 44. Rc3 Be6 45. Rb6 Ra8 46. c7
Rc8 47. Ne2 Rd3 48. Rbc6 Bd7 49. R6c5 Kd6 50. b4 Rxc3+ 51. Nxc3 Bc6 52. Kd2
Rxc7 53. Ne2 Rb7 54. Nd4 Bd7 55. Kc3 Rb8 56. Ra5 Rh8 57. Ra6+ Ke5 58. Nb3 Rxh3+
59. Kb2 Bxg4 60. b5 Be2 61. Rb6 d4 62. Rb8 Bc4 63. Re8+ Kf4 64. Nxd4 Rd3 65. b6
Bd5 66. Ne2+ Kf3 67. Nc3 Bc6 68. Re6 Bb7 69. Rxf6+ Ke3 70. Rg6 Kd2 {
(R. 2.50-2.59)} 1/2-1/2

[Event "2.ligaD04/05-8"]
[Site "?"]
[Date "2005.02.20"]
[Round "8"]
[White "Dittrich, Pavel"]
[Black "Bakos, Eduard"]
[Result "1-0"]
[WhiteElo "2196"]
[BlackElo "2119"]
[PlyCount "135"]
[EventDate "2005.??.??"]

1. d4 Nf6 2. Bg5 Ne4 3. Bf4 d5 4. Nd2 Nxd2 5. Qxd2 Bf5 6. e3 e6 7. Bd3 Bxd3 8.
Qxd3 Bd6 9. Nf3 Bxf4 10. exf4 Nd7 11. O-O-O Qf6 12. g3 O-O-O 13. Rhe1 h6 14.
Ne5 g5 15. Ng4 Qg7 16. f5 Rhe8 17. fxe6 fxe6 18. Re3 h5 19. Ne5 Rf8 20. Qe2 Rf6
21. Nxd7 Qxd7 22. Re1 Rdf8 23. Qxh5 Rxf2 24. Rxe6 Rf1 25. Re8+ Rxe8 26. Rxf1
Qe7 27. Qf3 a6 28. a3 c6 29. Qf7 Qe3+ 30. Kb1 Kb8 31. h4 gxh4 32. gxh4 Re4 33.
Qf8+ Re8 34. Qf4+ Qxf4 35. Rxf4 Re1+ 36. Ka2 Rh1 37. Kb3 Ka7 38. a4 a5 39. Ka3
Rh3+ 40. b3 Kb6 41. Kb2 Rh2 42. Rg4 Ka6 43. Rf4 Kb6 44. Kc1 Rh1+ 45. Kd2 Rh2+
46. Kd3 Rh3+ 47. Ke2 Rh2+ 48. Kf3 Rxc2 49. h5 Rh2 50. Kg4 Rg2+ 51. Kf5 Rh2 52.
Kg5 c5 53. h6 cxd4 54. Rxd4 Kc5 55. Rh4 Rg2+ 56. Kf6 Rf2+ 57. Ke7 Re2+ 58. Kd7
Rf2 59. h7 Rf8 60. h8=Q Rxh8 61. Rxh8 d4 62. Rh5+ Kb4 63. Rb5+ Kc3 64. Rxa5 d3
65. Rd5 Kxb3 66. Rxd3+ Kxa4 67. Kd6 Kb4 68. Rd4+ {(2.55-2.45)} 1-0

[Event "2.ligaD04/05-8"]
[Site "?"]
[Date "2005.02.20"]
[Round "8"]
[White "Cip, Dalibor"]
[Black "Miculka, Petr"]
[Result "1-0"]
[WhiteElo "2210"]
[BlackElo "2079"]
[PlyCount "115"]
[EventDate "2005.??.??"]

1. c4 Nf6 2. Nc3 g6 3. Nf3 Bg7 4. e4 d6 5. d4 O-O 6. Be3 Ng4 7. Bg5 h6 8. Bh4
c6 9. Bd3 Qc7 10. h3 Nf6 11. Qd2 Kh7 12. O-O Nbd7 13. b4 e5 14. d5 c5 15. a3 g5
16. Bg3 Nh5 17. Nh2 Nf4 18. Ng4 a6 19. Ne3 Nb6 20. Rac1 Bd7 21. f3 Rh8 22. Bf2
Nc8 23. Rb1 b6 24. Rfc1 Ne7 25. Kh2 Neg6 26. Bf1 Ne7 27. g3 Nfg6 28. Qc2 h5 29.
Nf5 f6 30. Bd3 Rhb8 31. f4 gxf4 32. gxf4 Bxf5 33. exf5 Nxf4 34. Ne4 Qd7 35. Bh4
Rf8 36. bxc5 bxc5 37. Rb6 Nxd3 38. Qxd3 Qxf5 39. Rf1 Qg6 40. Rxd6 Kg8 41. Rg1
Qf5 42. Rxf6 Rxf6 43. Bxf6 Qf4+ 44. Kh1 Nf5 45. Bxg7 Nxg7 46. Rf1 Qh6 47. Nf6+
Kh8 48. d6 Rf8 49. d7 Ne6 50. Qf5 Nf4 51. Qxe5 Ng6 52. Qxc5 Kg7 53. d8=Q Qh8
54. Qdd4 Rf7 55. Nxh5+ Kh6 56. Qe3+ Nf4 57. Qc6+ Kxh5 58. Qef3+ {(2.24-2.59)}
1-0

[Event "2.ligaD04/05-8"]
[Site "?"]
[Date "2005.02.20"]
[Round "8"]
[White "Tesar, Jan"]
[Black "Masak, Pavel"]
[Result "1/2-1/2"]
[WhiteElo "2102"]
[BlackElo "2055"]
[PlyCount "72"]
[EventDate "2005.??.??"]

1. d4 d5 2. Bf4 Nf6 3. Nf3 Bf5 4. e3 e6 5. Bd3 Bxd3 6. cxd3 Bd6 7. Ne5 O-O 8.
O-O c6 9. Nc3 Qe7 10. Bg5 Qc7 11. Bxf6 gxf6 12. Nf3 f5 13. e4 fxe4 14. dxe4
dxe4 15. Nxe4 Nd7 16. g3 Rae8 17. Qd2 f6 18. Rfe1 Rf7 19. Nh4 Bf8 20. Re2 Bg7
21. Rae1 Rd8 22. Qb4 Nf8 23. Nc5 Qd6 24. Qc4 Qxd4 25. Qxd4 Rxd4 26. Nxe6 Nxe6
27. Rxe6 Rd2 28. R1e2 Rxe2 29. Rxe2 Rd7 30. Nf5 Bf8 31. Kg2 Kf7 32. Kf3 a5 33.
b3 Bb4 34. g4 Rd3+ 35. Ke4 Rd8 36. f4 Bd2 {(R)} 1/2-1/2

[Event "2.ligaD04/05-8"]
[Site "?"]
[Date "2005.02.20"]
[Round "8"]
[White "Handl, Martin"]
[Black "Kruml, David"]
[Result "1/2-1/2"]
[WhiteElo "2057"]
[BlackElo "2148"]
[PlyCount "103"]
[EventDate "2005.??.??"]

1. e4 c5 2. Nf3 Nc6 3. d4 cxd4 4. Nxd4 Nf6 5. Nc3 d6 6. Bc4 g6 7. f3 Bd7 8. Be3
Bg7 9. Qd2 Rc8 10. Bb3 Qa5 11. O-O-O Ne5 12. Nd5 Nc4 13. Bxc4 Qxd2+ 14. Kxd2
Rxc4 15. b3 Rc8 16. c4 Nxd5 17. cxd5 O-O 18. Rc1 e5 19. Ne2 f5 20. Rxc8 Rxc8
21. Rc1 Rxc1 22. Nxc1 a6 23. Nd3 Bf6 24. Nb2 b5 25. b4 Kf7 26. Nd3 g5 27. Ke1
g4 28. Nc1 Kg6 29. Ne2 h5 30. Ng1 Bg5 31. Kd2 Bf4 32. g3 Bxe3+ 33. Kxe3 Kg5 34.
h4+ gxh3 35. Nxh3+ Kf6 36. exf5 Bxf5 37. Nf2 Bb1 38. Ne4+ Ke7 39. Nc3 Bc2 40.
Ne4 Bb1 41. Nc3 Bf5 42. Ne4 Bg6 43. Nc3 Bf7 44. Kd3 Kf6 45. Ke4 Kg5 46. a3 Bg8
47. Ke3 Kf5 48. Ne4 Bxd5 49. Nxd6+ Ke6 50. Ne4 Bxe4 51. Kxe4 Kf6 52. Kd3 {
(2.14-2.07)} 1/2-1/2

[Event "2.ligaD04/05-8"]
[Site "?"]
[Date "2005.02.20"]
[Round "8"]
[White "Kratky, Petr"]
[Black "Vaculikova, Renata"]
[Result "1-0"]
[WhiteElo "1937"]
[BlackElo "1896"]
[PlyCount "97"]
[EventDate "2005.??.??"]

1. e4 e5 2. Nf3 Nc6 3. Bc4 Bc5 4. c3 Nf6 5. d3 O-O 6. Bg5 d6 7. O-O Be6 8. Nbd2
Bxc4 9. Nxc4 h6 10. Bh4 Re8 11. b4 Bb6 12. a4 a5 13. Nxb6 cxb6 14. b5 Nb8 15.
Nd2 Nbd7 16. f3 Qc7 17. c4 Rac8 18. Re1 Nh5 19. Nf1 Nf4 20. Ne3 f6 21. Nf5 Kh7
22. Bf2 g6 23. Ne3 Nc5 24. Ra3 Kg7 25. Qd2 Rf8 26. Bg3 Nce6 27. Ra2 Rf7 28.
Bxf4 Nxf4 29. g3 Ne6 30. Nd5 Qd8 31. Qe3 Nd4 32. f4 Kh7 33. Rf1 Rc5 34. Raf2
Kg7 35. fxe5 dxe5 36. Nxf6 Rcc7 37. Nd5 Rcd7 38. Kg2 Qf8 39. Rxf7+ Rxf7 40.
Rxf7+ Qxf7 41. Nxb6 Qe7 42. Qf2 h5 43. Nd5 Qd6 44. h4 b6 45. Qe3 Qa3 46. Nxb6
Qa2+ 47. Qf2 Qa3 48. Nd5 Kh6 49. Qf6 {(2.32-2.20)} 1-0

[Event "2.ligaD04/05-8"]
[Site "?"]
[Date "????.??.??"]
[Round "?"]
[White "Adam, Petr"]
[Black "Holemar, David"]
[Result "1/2-1/2"]
[WhiteElo "2129"]
[BlackElo "2326"]
[PlyCount "79"]
[EventDate "2005.??.??"]

1. d4 c5 2. d5 e5 3. e4 d6 4. Be2 a6 5. a4 Be7 6. Nc3 Bg5 7. Nf3 Bxc1 8. Qxc1
Nf6 9. O-O Bg4 10. Nd2 Bxe2 11. Nxe2 O-O 12. Ng3 g6 13. Nc4 Qe7 14. Qg5 Nxd5
15. Qxe7 Nxe7 16. Nxd6 Nd7 17. a5 Rab8 18. Rfd1 Rfd8 19. Nc4 f6 20. Rd6 Kf7 21.
Rad1 Ke8 22. Nf1 Nc8 23. R6d2 b5 24. axb6 Ncxb6 25. Nfe3 Nxc4 26. Nxc4 Nf8 27.
Rd6 Ke7 28. Rxd8 Rxd8 29. Rxd8 Kxd8 30. Kf1 Ne6 31. Ke2 Kc7 32. g3 Kc6 33. Kd3
Nd4 34. c3 Nb5 35. f4 exf4 36. gxf4 Nc7 37. h4 Ne6 38. Ke3 Ng7 39. b3 Kc7 40.
Kf3 1/2-1/2

[Event "2.ligaD04/05-8"]
[Site "?"]
[Date "????.??.??"]
[Round "?"]
[White "Nehybka, Jiri"]
[Black "Kavan, Zdenek"]
[Result "1-0"]
[WhiteElo "2190"]
[BlackElo "2190"]
[PlyCount "61"]
[EventDate "2005.??.??"]

1. e4 d6 2. Nc3 g6 3. g3 Bg7 4. Bg2 c5 5. d3 Nc6 6. f4 e6 7. Nf3 Nge7 8. O-O
O-O 9. Be3 Nd4 10. e5 dxe5 11. Nxe5 Rb8 12. Ne4 b6 13. c3 Ndf5 14. Bf2 Qc7 15.
g4 Nd6 16. Bg3 Nxe4 17. Bxe4 Bb7 18. Qa4 Bxe4 19. Qxe4 Rbd8 20. Rae1 Rc8 21.
Nc4 Qd7 22. Bh4 Nc6 23. Ne5 Qd6 24. Nxc6 Rxc6 25. Be7 Qxe7 26. Qxc6 Rd8 27. Qf3
Qd7 28. f5 exf5 29. gxf5 g5 30. Re3 Bf6 31. Qh5 1-0

[Event "2.ligaD04/05-8"]
[Site "?"]
[Date "????.??.??"]
[Round "?"]
[White "Dvorak, Libor"]
[Black "Skacelik, Petr"]
[Result "1-0"]
[WhiteElo "2021"]
[BlackElo "2250"]
[PlyCount "127"]
[EventDate "2005.??.??"]

1. Nf3 Nf6 2. g3 g6 3. Bg2 Bg7 4. c4 O-O 5. O-O d6 6. Nc3 c5 7. d4 Nc6 8. dxc5
dxc5 9. Bf4 Be6 10. Ne5 Na5 11. Qc2 Nh5 12. Rfd1 Qc8 13. Nd5 Bxd5 14. cxd5 Nxf4
15. gxf4 Rb8 16. Rac1 Bxe5 17. fxe5 b6 18. Qe4 Nb7 19. Rc3 Kg7 20. Qh4 Qd8 21.
Rh3 h5 22. f4 Qc7 23. Be4 c4 24. Qg5 Rh8 25. d6 exd6 26. Qf6+ Kg8 27. exd6 Qd8
28. Qe7 Qxe7 29. dxe7 Kg7 30. Bc6 Nc5 31. Re3 Ne6 32. e8=Q Rhxe8 33. Bxe8 Rxe8
34. Re4 Rc8 35. Kf2 b5 36. a3 Rc5 37. Ke3 c3 38. b4 Rc6 39. Rc1 a6 40. h3 Kf6
41. Rc2 Rc7 42. h4 Rc6 43. Kf3 Rc7 44. e3 Ke7 45. Re5 Kd6 46. Ke4 Rc4+ 47. Kd3
f6 48. Re4 Rc8 49. Rxc3 Rd8 50. Ke2 Ra8 51. Rc6+ Kxc6 52. Rxe6+ Kd5 53. Rxf6
Kc4 54. Rd6 Kb3 55. Rd3+ Kc2 56. e4 a5 57. bxa5 Rxa5 58. e5 Ra7 59. Ke3 Kb2 60.
Ke4 Ra4+ 61. Kd5 Rxf4 62. e6 Rf8 63. e7 Re8 64. Ke6 1-0

[Event "2.ligaD04/05-8"]
[Site "?"]
[Date "????.??.??"]
[Round "?"]
[White "Cetkovsky, Petr"]
[Black "Fojtach, Ivan"]
[Result "1-0"]
[WhiteElo "2140"]
[BlackElo "2045"]
[PlyCount "43"]
[EventDate "2005.??.??"]

1. Nf3 d6 2. d4 Bg4 3. e4 Nd7 4. h3 Bh5 5. Be3 e5 6. Nbd2 Be7 7. c3 h6 8. Qb3
Qc8 9. Bc4 Bf6 10. g4 Bg6 11. h4 h5 12. dxe5 dxe5 13. g5 Be7 14. O-O-O Bd6 15.
Bf1 Ne7 16. Bh3 O-O 17. Nc4 Bxe4 18. Nfxe5 Bxh1 19. Nxd7 Qe8 20. Rxh1 Nd5 21.
Nxd6 cxd6 22. Qxd5 1-0

[Event "2.ligaD04/05-8"]
[Site "?"]
[Date "????.??.??"]
[Round "?"]
[White "Skrenek, Jiri"]
[Black "Moulis, Mojmir"]
[Result "0-1"]
[WhiteElo "2046"]
[BlackElo "2106"]
[PlyCount "54"]
[EventDate "2005.??.??"]

1. e4 e5 2. Nf3 d6 3. d4 Nf6 4. Nc3 Nbd7 5. Bc4 Be7 6. O-O O-O 7. h3 c6 8. d5
Nc5 9. Re1 b5 10. Bd3 b4 11. Ne2 cxd5 12. exd5 e4 13. Ned4 Bd7 14. Qe2 Re8 15.
Bxe4 Ncxe4 16. Bf4 Bf8 17. Qc4 Qa5 18. Rad1 Qxd5 19. Qxb4 Qh5 20. Qc4 d5 21.
Qc7 Bc5 22. c3 Bb6 23. Qb7 Nc5 24. Qxa8 Rxa8 25. Re5 Qg6 26. Nh4 Qd3 27. Rxd3
Nxd3 0-1

[Event "2.ligaD04/05-8"]
[Site "?"]
[Date "????.??.??"]
[Round "?"]
[White "Simbera, Jiri"]
[Black "Nekula, Richard"]
[Result "1/2-1/2"]
[WhiteElo "2097"]
[BlackElo "2089"]
[PlyCount "87"]
[EventDate "2005.??.??"]

1. f4 Nf6 2. Nf3 d6 3. d3 Nc6 4. e4 e5 5. Nc3 exf4 6. Bxf4 Be7 7. Be2 Be6 8.
Ng5 Nd4 9. Nxe6 Nxe6 10. Be3 O-O 11. O-O c5 12. Bf3 Nd7 13. Nd5 Bg5 14. Qd2
Bxe3+ 15. Nxe3 Ne5 16. Nf5 g6 17. Nh6+ Kg7 18. Ng4 Nxg4 19. Bxg4 Qg5 20. Qxg5
Nxg5 21. Rf2 Rae8 22. Raf1 Re7 23. Rf6 h5 24. Bd1 Rd8 25. h4 Nh7 26. R6f2 Rdd7
27. Kh2 d5 28. exd5 Rxd5 29. Rf4 Rd6 30. Bf3 Rf6 31. Kg3 Rxf4 32. Kxf4 f6 33.
Kg3 Nf8 34. Kf2 b6 35. Re1 Rxe1 36. Kxe1 Ne6 37. c3 Kh6 38. Kf2 g5 39. g3 Kg6
40. Ke3 Ng7 41. Kf2 Kf5 42. Ke3 Ke6 43. Kf2 Ke5 44. Be4 1/2-1/2